000 00667nam a2200229 i 4500
001 105574
003 ES-MaACL
007 t|
008 060725s1973 fr ||||1| fre d
080 _a330.85:28
080 _a28:330.85
100 1 _aFonvieille-Alquier, François.
_951657
245 1 3 _aLa fin des dogmatismes /
_cFrançois Fonvieille-Alquier.
260 _a[Paris] :
_bCalmann-Lévy,
_c[1973]
300 _a167 p. ;
_c21 cm.
490 1 _aParti pris
500 _aBiblioteca Juan Andrade.
650 1 7 _aComunismo y cristianismo
_2embne
_911231
830 0 _aParti pris
_9232750
852 _aES-MaACL
_jAND-389
_bR.109693
999 _c105574
_d105574